002020000a220007300045001000019000002450061000193000030000807730018001101 aMichel, Robert10aMany South Africans in denial about HIV / AIDS realities aNum 4 (2001), Página 200 tGlobal Future